000 00594nam a2200193 i 4500
001 85285
003 ES-MaACL
005 20230906175220.0
007 t|
008 041126s1968 sp ||||1| cat d
100 1 _aJouvenroux.
_967044
245 1 0 _aQuan l'amor neix /
_cJouvenroux ; [traductor, Josep Hortáola ; versió revisada pel Manuel Baselga Monte].
250 _a[6ª ed.].
260 _aBarcelona :
_bNova Terra,
_c[1968]
300 _a178 p. ;
_c16 cm.
700 1 _aHortáola, Josep.
_9128036
700 1 _aBaselga Monte, Manuel.
_926279
852 _aES-MaACL
_jC-36149
_bR.66486
999 _c85285
_d85285